[Event "29th Czech Rapid G1 2018"]
[Site "Pardubice CZE"]
[Date "2018.07.18"]
[Round "1.24"]
[White "Petr, Jan1"]
[Black "Manik, Mikulas"]
[Result "0-1"]
[BlackTitle "GM"]
[WhiteElo "2099"]
[BlackElo "2400"]
[WhiteFideId "305154"]
[BlackFideId "14900734"]
[EventDate "2018.07.18"]

1. e4 c5 2. c3 d5 3. exd5 Qxd5 4. Nf3 g6 5. Na3 Bg7 6. Be2 Nh6 7. O-O O-O 8. d4
cxd4 9. Nb5 Na6 10. Nbxd4 e5 11. Qb3 Qxb3 12. Nxb3 Nf5 13. Rd1 b6 14. h3 Nc7 15.
Ng5 h6 16. Ne4 Bb7 17. Bf3 Rab8 18. Rd7 Rfc8 19. Be3 Nh4 20. Nd6 Nxf3+ 21. gxf3
Bxf3 22. Nxc8 Rxc8 23. a4 Bc6 24. Rd6 Nd5 25. c4 Nxe3 26. fxe3 Bf8 27. Rd3 Be4
28. Rd7 Bf5 29. Rxa7 Rxc4 30. Rb7 Rb4 31. a5 Rxb3 32. a6 Be4 33. Rb8 Rxb2 34. a7
Kg7 35. Ra4 Bf3 36. a8=Q Bxa8 37. Rbxa8 Bc5 38. Re4 Re2 39. Rxe5 Bxe3+ 40. Kf1
Rf2+ 41. Ke1 Bd4 42. Rd5 Rf4 43. Rad8 Bc5 44. Ke2 h5 45. Rd3 Rf2+ 46. Ke1 Rf6
47. R8d7 Rf4 48. Ke2 Re4+ 49. Kf1 Rf4+ 50. Ke2 g5 51. R3d5 Kg6 52. Rd8 Rf2+ 53.
Ke1 Rf5 54. Rg8+ Kf6 55. Rd7 Ke6 56. Rd3 f6 57. Rh8 h4 58. Re8+ Kf7 59. Re4 Kg6
60. Ke2 Rf2+ 61. Ke1 Ra2 62. Re6 Kf5 63. Rc6 Ke5 64. Rc8 f5 65. Rg8 Kf4 66. Rh8
Rh2 67. Ra8 Be3 68. Raa3 Rxh3 69. Ra4+ Ke5 70. Ke2 f4 71. Rd8 0-1

[Event "29th Czech Rapid G1 2018"]
[Site "Pardubice CZE"]
[Date "2018.07.18"]
[Round "1.25"]
[White "Kobo, Ori"]
[Black "Gorbatenko, Alexander"]
[Result "1-0"]
[WhiteTitle "GM"]
[WhiteElo "2508"]
[BlackElo "2049"]
[WhiteFideId "2812320"]
[BlackFideId "4145976"]
[EventDate "2018.07.18"]

1. e4 c5 2. Nf3 g6 3. c3 Bg7 4. d4 cxd4 5. cxd4 d5 6. e5 Nh6 7. h3 O-O 8. Nc3
Nc6 9. Bb5 f6 10. O-O Nf7 11. exf6 Bxf6 12. Re1 Bf5 13. Bf4 g5 14. Bg3 e6 15.
Bxc6 bxc6 16. Ne5 Bxe5 17. Bxe5 Nxe5 18. Rxe5 c5 19. g4 cxd4 20. Qxd4 Bg6 21.
Rxe6 Rf4 22. Qe5 Bf7 23. Rd6 1-0

[Event "29th Czech Rapid G1 2018"]
[Site "Pardubice CZE"]
[Date "2018.07.18"]
[Round "1.26"]
[White "Ruzicka, Josef"]
[Black "Neuman, Petr"]
[Result "0-1"]
[BlackTitle "GM"]
[WhiteElo "2139"]
[BlackElo "2440"]
[WhiteFideId "383244"]
[BlackFideId "305243"]
[EventDate "2018.07.18"]

1. e4 c5 2. Nc3 d6 3. f4 g6 4. Nf3 Bg7 5. Bb5+ Bd7 6. Bxd7+ Qxd7 7. O-O Nc6 8.
d3 Nf6 9. Qe1 O-O 10. Qh4 Qg4 11. Qf2 Qd7 12. Qh4 d5 13. e5 Ne8 14. Bd2 f6 15.
Rae1 Nc7 16. Nd1 Ne6 17. c3 f5 18. Ng5 Nxg5 19. Qxg5 Nd8 20. h4 Ne6 21. Qg3 Kf7
22. Nf2 h5 23. Nh3 Bh6 24. Be3 Qb5 25. Bc1 a5 26. Qf3 Qc6 27. c4 Rfd8 28. Be3
Rac8 29. Rc1 b6 30. Rfd1 Qd7 31. Kh1 a4 32. Kh2 Ra8 33. Kg3 b5 34. cxb5 Qxb5 35.
Rc2 Rac8 36. Bf2 c4 37. dxc4 dxc4 38. Rcd2 Rxd2 39. Rxd2 Qb4 40. Qe2 c3 41. bxc3
Bxf4+ 42. Nxf4 Qxf4+ 43. Kh3 Rxc3+ 44. g3 Qc4 45. Qxc4 Rxc4 46. Kg2 Re4 47. Rd5
Re2 48. a3 Ra2 49. Rd3 Nc5 50. Re3 Ne4 0-1

[Event "29th Czech Rapid G1 2018"]
[Site "Pardubice CZE"]
[Date "2018.07.18"]
[Round "1.28"]
[White "Pacl, Vaclav"]
[Black "Zpevak, Pavel"]
[Result "0-1"]
[WhiteTitle "FM"]
[BlackTitle "IM"]
[WhiteElo "2070"]
[BlackElo "2330"]
[WhiteFideId "302031"]
[BlackFideId "300586"]
[EventDate "2018.07.18"]

1. Nf3 Nf6 2. e3 d5 3. c4 c6 4. Nc3 g6 5. d4 Bg7 6. Be2 O-O 7. O-O a6 8. a4 Bg4
9. Ne5 Bxe2 10. Qxe2 Nbd7 11. Rd1 e6 12. f4 Qc7 13. a5 Rac8 14. b3 Rfe8 15. Ba3
Qxa5 16. b4 Qc7 17. b5 cxb5 0-1

[Event "29th Czech Rapid G1 2018"]
[Site "Pardubice CZE"]
[Date "2018.07.18"]
[Round "1.29"]
[White "Matviishen, Viktor"]
[Black "Maslak, Alexander"]
[Result "1-0"]
[WhiteTitle "IM"]
[WhiteElo "2423"]
[BlackElo "2154"]
[WhiteFideId "14129850"]
[BlackFideId "4130871"]
[EventDate "2018.07.18"]

1. d4 Nf6 2. c4 g6 3. Nc3 Bg7 4. e4 d6 5. Bd3 O-O 6. Nge2 e5 7. d5 c6 8. O-O
cxd5 9. cxd5 a6 10. f3 Nbd7 11. Be3 Nh5 12. b4 Nf4 13. Qd2 Nxd3 14. Qxd3 f5 15.
exf5 gxf5 16. f4 Nf6 17. fxe5 dxe5 18. Rad1 Ng4 19. Bc5 Rf7 20. h3 e4 21. Qg3
Ne5 22. Nf4 Ng6 23. Nxg6 hxg6 24. Qxg6 Qf6 25. Qxf6 Bxf6 26. Na4 Bd8 27. Nb6
Bxb6 28. Bxb6 Bd7 29. Rf4 Rc8 30. Bc5 Kh7 31. Re1 Kg6 32. Re3 Rf6 33. Be7 Rb6
34. Bc5 Rf6 35. Bd4 Rf7 36. Rg3+ Kh5 37. Bf2 Be8 38. Rg8 1-0

[Event "29th Czech Rapid G1 2018"]
[Site "Pardubice CZE"]
[Date "2018.07.18"]
[Round "1.30"]
[White "Joukl, Zdenek"]
[Black "Pulpan, Jakub"]
[Result "0-1"]
[BlackTitle "IM"]
[WhiteElo "2029"]
[BlackElo "2386"]
[WhiteFideId "304247"]
[BlackFideId "302759"]
[EventDate "2018.07.18"]

1. d4 Nf6 2. Nf3 d6 3. Bf4 Bf5 4. e3 Nbd7 5. Bd3 Bxd3 6. Qxd3 g6 7. Nbd2 Bg7 8.
e4 O-O 9. O-O c5 10. c3 Nh5 11. Bg5 h6 12. Be3 Qc7 13. a4 Rfc8 14. h3 Nhf6 15.
Rfc1 cxd4 16. cxd4 Qxc1+ 17. Rxc1 Rxc1+ 18. Kh2 Rc7 19. Qb5 a6 20. Qb3 Ne8 21.
Nc4 Rac8 22. Nb6 Nxb6 23. Qxb6 Nf6 24. e5 Nd5 25. Qb3 Nxe3 26. fxe3 dxe5 27.
Nxe5 Bxe5+ 28. dxe5 e6 29. Kg3 b5 30. h4 h5 31. Kf4 Rc4+ 32. e4 bxa4 33. Qb7 Rc2
34. g4 Kg7 35. gxh5 gxh5 36. Qxa6 Rh8 37. Qxa4 Rxb2 38. Qa7 Rg2 39. Qe7 Rg6 40.
Kf3 Rb8 41. Qa3 Rb1 42. Kf2 Rh1 43. Qe7 Rc1 44. Qa3 Rc2+ 45. Kf1 Rc8 46. Qf3 Rh8
47. Kf2 Rhh6 48. Ke2 Rg4 49. Kd3 Rxh4 50. Kc4 Rg4 51. Kc5 Kh7 52. Qxf7+ Rg7 53.
Qf3 h4 54. Qh3 Rg3 55. Qh2 Ra3 56. Kb6 Ra8 57. Qh3 Rg8 58. Kc6 Rg7 59. Kd6 Rg3
60. Qh2 Rg4 61. Qe2 Rg7 62. Qh2 h3 63. Kc5 Rg2 64. Qf4 h2 0-1

[Event "29th Czech Rapid G1 2018"]
[Site "Pardubice CZE"]
[Date "2018.07.18"]
[Round "1.31"]
[White "Rasik, Vitezslav"]
[Black "Vykydal, Frantisek"]
[Result "1-0"]
[WhiteTitle "GM"]
[BlackTitle "CM"]
[WhiteElo "2458"]
[BlackElo "2089"]
[WhiteFideId "300306"]
[BlackFideId "301744"]
[EventDate "2018.07.18"]

1. g3 e5 2. Bg2 Nc6 3. d3 Nf6 4. Nf3 Be7 5. O-O O-O 6. e4 d5 7. exd5 Nxd5 8. Re1
Bf6 9. Nbd2 Bf5 10. Ne4 Bxe4 11. Rxe4 Nd4 12. Nxe5 c5 13. c3 Ne6 14. Ng4 Ndc7
15. Re1 Rb8 16. f4 Re8 17. f5 Nf8 18. Rxe8 Nxe8 19. Bf4 Nd6 20. Qd2 h5 21. Nxf6+
Qxf6 22. Re1 Re8 23. Rxe8 Nxe8 24. Bxb7 Qxf5 25. Be4 Qe6 26. b3 Nd6 27. Bf3 h4
28. Qe3 hxg3 29. Qxe6 1-0

[Event "29th Czech Rapid G1 2018"]
[Site "Pardubice CZE"]
[Date "2018.07.18"]
[Round "1.32"]
[White "Holy, Filip"]
[Black "Bogdanov, Egor"]
[Result "1/2-1/2"]
[BlackTitle "IM"]
[WhiteElo "2057"]
[BlackElo "2328"]
[WhiteFideId "358762"]
[BlackFideId "14119137"]
[EventDate "2018.07.18"]

1. d4 Nf6 2. c4 g6 3. Nc3 Bg7 4. e4 O-O 5. Be2 d6 6. Nf3 e5 7. O-O Nc6 8. d5 Ne7
9. Ne1 Nd7 10. Nd3 f5 11. exf5 gxf5 12. f4 Ng6 13. Be3 Qe7 14. Qd2 Nf6 15. fxe5
Nxe5 16. Nf4 Bd7 17. Kh1 Rae8 18. Bg1 Bh6 19. Qd4 Ne4 20. Nxe4 fxe4 21. Nh5 Qh4
22. Rxf8+ Rxf8 23. Ng3 Bg7 24. Qxe4 Rf4 25. Qe3 Nxc4 26. Bxc4 Rxc4 27. Qxa7 Be5
28. Qf2 Rf4 29. Qc2 Rf6 30. Nf1 Bf5 31. Qxc7 Rf7 32. Qa5 Be4 33. Re1 Rg7 34.
Rxe4 Qxe4 35. Qd8+ Kf7 36. Qd7+ Kf8 37. Qd8+ Kf7 38. Qd7+ Kf8 39. Qd8+ Kf7 40.
Qd7+ Kf8 41. Qd8+ Kf7 42. Qd7+ Kf8 43. Qd8+ Kf7 44. Qd7+ Kf8 1/2-1/2

[Event "29th Czech Rapid G1 2018"]
[Site "Pardubice CZE"]
[Date "2018.07.18"]
[Round "1.33"]
[White "Potapov, Alexander1"]
[Black "Chrz, Pavel"]
[Result "1/2-1/2"]
[WhiteTitle "GM"]
[BlackTitle "CM"]
[WhiteElo "2404"]
[BlackElo "2032"]
[WhiteFideId "4115074"]
[BlackFideId "307980"]
[EventDate "2018.07.18"]

1. d4 d6 2. c4 e5 3. Nf3 exd4 4. Nxd4 Nf6 5. Nc3 Nc6 6. g3 Bg4 7. h3 Bh5 8. Bg2
Qd7 9. Nxc6 bxc6 10. Qa4 d5 11. cxd5 cxd5 12. Qxd7+ Kxd7 13. Nxd5 Nxd5 14. Bxd5
Bb4+ 15. Bd2 Bxd2+ 16. Kxd2 Rad8 17. Bc4 Kc6+ 18. Kc3 Rhe8 19. Rhd1 Rd6 20.
Rxd6+ cxd6 21. Kd4 Rb8 22. Rc1 Kd7 23. b3 Rb4 24. a3 Rb6 25. b4 d5 26. Bd3 Rf6
27. Rc5 Bg6 28. Rxd5+ Kc7 29. Rc5+ Kb6 30. Bxg6 hxg6 31. f4 Rd6+ 32. Rd5 Rc6 33.
a4 Rc2 34. a5+ Ka6 35. e4 Rg2 36. g4 Rh2 37. Kc4 Rc2+ 38. Kb3 Re2 39. Rd6+ Kb5
40. Rd5+ Ka6 41. Re5 f6 42. Re7 Kb5 43. Rb7+ Ka6 44. Rxg7 Rxe4 45. Ka4 Rxf4 46.
Rxg6 Kb7 47. Kb5 a6+ 48. Kc5 f5 49. Rg7+ Kb8 50. Rf7 Rf3 51. Kb6 fxg4 52. Rb7+
Ka8 53. Ra7+ Kb8 54. Rb7+ Ka8 55. Rg7 Rf6+ 56. Kc5 gxh3 57. Rh7 Rf5+ 58. Kc4
Rf4+ 59. Kb3 Rf3+ 60. Kc4 Rf4+ 61. Kc5 Rf5+ 62. Kb6 Rb5+ 63. Kxa6 Rxb4 64. Rxh3
Rb8 65. Rh7 Rb7 66. Rh8+ Rb8 67. Rh6 Rb7 68. Rb6 Rb8 69. Kb5 Rxb6+ 70. axb6 Kb7
71. Kc5 Kb8 72. Kc6 Kc8 73. b7+ Kb8 74. Kb6 1/2-1/2

[Event "29th Czech Rapid G1 2018"]
[Site "Pardubice CZE"]
[Date "2018.07.18"]
[Round "1.34"]
[White "Yakimenko, Alexander A."]
[Black "Shkuran, Danylo"]
[Result "0-1"]
[BlackTitle "IM"]
[WhiteElo "2035"]
[BlackElo "2381"]
[WhiteFideId "24141917"]
[BlackFideId "14106248"]
[EventDate "2018.07.18"]

1. d4 Nf6 2. c4 g6 3. f3 Bg7 4. e4 d6 5. Nc3 O-O 6. Bg5 Na6 7. Qd2 e5 8. Nge2
exd4 9. Nxd4 Nc5 10. Be2 h6 11. Be3 Ne6 12. O-O-O Nxd4 13. Bxd4 Be6 14. g4 a6
15. h4 b5 16. g5 Nd7 17. gxh6 Bxd4 18. Qxd4 Qf6 19. Qxf6 Nxf6 20. cxb5 axb5 21.
Bxb5 Bxa2 22. Kc2 Be6 23. Ra1 Rfb8 24. Ra3 Rxa3 25. bxa3 d5 26. exd5 Nxd5 27.
Rb1 Ne3+ 28. Kd2 Nf5 29. Bc6 Rd8+ 30. Ke1 Nd4 31. Bb7 Nc2+ 32. Kf2 Nxa3 33. Ra1
Nc2 34. Ra7 Nd4 35. Ne4 Kh7 36. Ba6 Kxh6 37. Rxc7 Ra8 38. Bc4 Bxc4 39. Rxc4 Ra2+
40. Ke3 Nf5+ 41. Kf4 Nxh4 42. Ng5 Ng2+ 43. Ke5 Kxg5 44. Rg4+ Kh6 45. Kf6 Kh5 46.
Rg3 Nh4 47. f4 Ra5 48. Kxf7 Rf5+ 49. Ke6 Rxf4 50. Ke5 Rf8 51. Ke4 g5 52. Ke3
Nf5+ 0-1

[Event "29th Czech Rapid G1 2018"]
[Site "Pardubice CZE"]
[Date "2018.07.18"]
[Round "1.35"]
[White "Gutman, Gennadi"]
[Black "Hajek, Jiri3"]
[Result "1-0"]
[WhiteTitle "GM"]
[WhiteElo "2476"]
[BlackElo "2081"]
[WhiteFideId "14102277"]
[BlackFideId "317888"]
[EventDate "2018.07.18"]

1. Nf3 Nf6 2. d4 g6 3. c4 Bg7 4. Nc3 O-O 5. e4 d6 6. Be2 Bg4 7. Be3 Nfd7 8. Ng1
Bxe2 9. Ngxe2 Nc6 10. O-O e5 11. d5 Ne7 12. b4 f5 13. f3 f4 14. Bf2 g5 15. Nc1
Rf7 16. Nd3 Nf6 17. g4 fxg3 18. hxg3 g4 19. Be3 gxf3 20. Rxf3 Qd7 21. Qe2 Raf8
22. Raf1 Qg4 23. Qg2 a6 24. Nf2 Qg6 25. Qh3 Nh5 26. Rxf7 Rxf7 27. Ng4 Nf6 28.
Nxf6+ Rxf6 29. Rxf6 Bxf6 30. Qe6+ Kf8 31. Kg2 h5 32. c5 h4 33. g4 h3+ 34. Kxh3
Qh7+ 35. Kg2 Qh4 36. cxd6 cxd6 37. Nd1 Kg7 38. Bf2 Qh7 39. Nc3 Ng6 40. Qd7+ Be7
41. g5 Nf4+ 42. Kg1 Kf7 43. Bg3 Nh3+ 44. Kg2 Nxg5 45. Qg4 Qg6 46. Bh4 Qh6 47. b5
Nh7 48. Bxe7 Kxe7 49. bxa6 Qd2+ 50. Ne2 Nf6 51. Qe6+ Kd8 52. Qxf6+ Kc7 53. Qf2
bxa6 54. Ng3 Qg5 55. Qa7+ Kd8 56. Qb8+ Kd7 57. Qb7+ Kd8 58. Qxa6 Qd2+ 59. Qe2
Qd4 60. Nf5 Qb4 61. Ng3 Qb1 62. Kh3 Qc1 63. Qg4 Kc7 64. Qe2 Qh6+ 65. Kg2 Qc1 66.
a4 Qc5 67. Qd2 Qa3 68. a5 Kb7 69. Kh3 Ka6 70. Kg4 Qa4 71. Qc3 Qd1+ 72. Kh3 Qd4
73. Qxd4 exd4 74. Kg2 Kxa5 75. Kf3 Kb4 76. Ke2 Kc3 77. Kd1 Kd3 78. e5 dxe5 79.
d6 e4 80. d7 e3 81. d8=Q 1-0

[Event "29th Czech Rapid G1 2018"]
[Site "Pardubice CZE"]
[Date "2018.07.18"]
[Round "1.36"]
[White "Zdrazil, Tomas"]
[Black "Piscopo, Pierluigi"]
[Result "0-1"]
[BlackTitle "IM"]
[WhiteElo "2065"]
[BlackElo "2389"]
[WhiteFideId "325368"]
[BlackFideId "809152"]
[EventDate "2018.07.18"]

1. e4 c5 2. Nf3 e6 3. d4 cxd4 4. Nxd4 a6 5. Nc3 b5 6. Bd3 Qb6 7. Nb3 Qc7 8. O-O
Nf6 9. f4 Bb7 10. e5 b4 11. exf6 bxc3 12. Qe2 gxf6 13. bxc3 Nc6 14. Rb1 Ne7 15.
c4 f5 16. Bd2 Rg8 17. Rf2 Rc8 18. Ba5 Qd6 19. Bc3 Ng6 20. Be5 Nxe5 21. fxe5 Qb6
22. c5 Rxc5 23. Nd2 Qa7 24. Kf1 Rc7 25. Nb3 a5 26. a4 Bh6 27. Qh5 Be3 28. Re2 h6
29. Qh3 Bg5 30. Nd2 Qd4 31. Nc4 Be7 32. Nxa5 Bc5 33. Ke1 Bb4+ 34. c3 Bxc3+ 35.
Kd1 Qg1+ 36. Kc2 Bxa5+ 37. Kb2 Qd4+ 0-1

[Event "29th Czech Rapid G1 2018"]
[Site "Pardubice CZE"]
[Date "2018.07.18"]
[Round "1.38"]
[White "Khmelev, Mikhail"]
[Black "Skliarov, Viktor"]
[Result "0-1"]
[BlackTitle "IM"]
[WhiteElo "1972"]
[BlackElo "2357"]
[WhiteFideId "24175641"]
[BlackFideId "14106736"]
[EventDate "2018.07.18"]

1. e4 c5 2. Nf3 Nc6 3. Bb5 e6 4. O-O Nge7 5. Re1 Nd4 6. Bf1 Ng6 7. c3 Nxf3+ 8.
Qxf3 Be7 9. d4 O-O 10. g3 b6 11. h4 Bb7 12. Bg2 f5 13. Qd3 fxe4 14. Bxe4 Bxe4
15. Qxe4 Rf5 16. Be3 Qf8 17. Nd2 Re8 18. Nb3 Kh8 19. dxc5 bxc5 20. Qa4 Ne5 21.
Kg2 Rh5 22. Qe4 d5 23. Qf4 Rf5 24. Qa4 Nd3 25. Re2 e5 26. Rf1 e4 27. Nc1 Ne5 28.
Rd2 Nf3 29. Rdd1 Bxh4 30. Bxc5 Be7 31. Bxe7 Qxe7 32. Ne2 Ref8 33. Nd4 Rh5 34.
Rh1 Qf7 35. Rxh5 Qxh5 36. Rh1 Qf7 37. Qb4 Nd2 38. f4 exf3+ 39. Kf2 Ne4+ 40. Ke3
f2 41. Ne6 Re8 0-1

[Event "29th Czech Rapid G1 2018"]
[Site "Pardubice CZE"]
[Date "2018.07.18"]
[Round "1.39"]
[White "Burdalev, Kirill"]
[Black "Haase, Pavel"]
[Result "1-0"]
[WhiteTitle "FM"]
[BlackTitle "CM"]
[WhiteElo "2377"]
[BlackElo "1994"]
[WhiteFideId "14121913"]
[BlackFideId "360392"]
[EventDate "2018.07.18"]

1. d4 Nf6 2. Nf3 e6 3. Bf4 c5 4. e3 Nc6 5. Nbd2 d5 6. c3 Bd6 7. Bg3 O-O 8. Bd3
cxd4 9. exd4 Nh5 10. Bxd6 Qxd6 11. O-O g6 12. Re1 f5 13. Ne5 Nxe5 14. Rxe5 Bd7
15. Nf3 Rae8 16. Qd2 Kg7 17. Rae1 h6 18. c4 dxc4 19. Bxc4 Nf6 20. Qc3 Kh7 21.
Qb3 Ng4 22. R5e2 Bc6 23. Ne5 Qxd4 24. Nxc6 bxc6 25. h3 Nf6 26. Rd1 Qb6 27. Qxb6
axb6 28. Rd6 b5 29. Bb3 c5 30. Rexe6 Rxe6 31. Bxe6 Rb8 32. Rc6 Ne4 33. Rc7+ Kh8
34. Bd5 Nf6 35. Bf7 Kg7 36. Be8+ Kg8 37. Bxg6 c4 38. Bxf5 Ra8 39. a3 Kf8 40. g4
Rb8 41. h4 Nd5 42. Rh7 Rb6 43. Rd7 Nf4 44. Kh2 Ne2 45. Rd2 Nf4 46. Kg3 Ne6 47.
Bxe6 Rxe6 48. Rd5 Rb6 49. Rc5 b4 50. Rxc4 bxa3 51. bxa3 Rb3+ 52. Kf4 Rxa3 53. g5 1-0

[Event "29th Czech Rapid G1 2018"]
[Site "Pardubice CZE"]
[Date "2018.07.18"]
[Round "1.40"]
[White "Michelle Catherina, P"]
[Black "Biolek, Richard Jr."]
[Result "1-0"]
[WhiteTitle "WIM"]
[BlackTitle "IM"]
[WhiteElo "2069"]
[BlackElo "2469"]
[WhiteFideId "5005736"]
[BlackFideId "319996"]
[EventDate "2018.07.18"]

1. c4 Nc6 2. Nc3 Nf6 3. g3 e5 4. Bg2 g6 5. e3 Bg7 6. Nge2 O-O 7. O-O d6 8. h3
Be6 9. d3 Qd7 10. Kh2 d5 11. cxd5 Nxd5 12. Ne4 Qe7 13. d4 exd4 14. Nxd4 Nxd4 15.
exd4 Rad8 16. Bg5 f6 17. Bd2 b6 18. Re1 Qd7 19. Rc1 Bf7 20. Qc2 Rfe8 21. a3 Qf5
22. b4 Re7 23. b5 Rde8 24. a4 h5 25. h4 Qd7 26. Qd3 Kh7 27. Bh3 Qd8 28. Bg2 Be6
29. Nc3 Nb4 30. Qb1 Nd5 31. Be4 Bf7 32. Nxd5 Rxe4 33. Rxe4 Bxd5 34. Rxe8 Qxe8
35. Rxc7 Qe2 36. Be3 Qf3 37. Qg1 Bb7 38. Rd7 Kh8 39. d5 Bxd5 40. Rxa7 f5 41. a5
bxa5 42. Rxa5 Bc3 43. Ra3 Bb2 44. Bd4+ Bxd4 45. Rxf3 Bxf3 46. Qe1 1-0

[Event "29th Czech Rapid G1 2018"]
[Site "Pardubice CZE"]
[Date "2018.07.18"]
[Round "1.41"]
[White "Webersberger, Johann"]
[Black "Sinauridze, Simons"]
[Result "1-0"]
[WhiteTitle "FM"]
[WhiteElo "2348"]
[BlackElo "2088"]
[WhiteFideId "1611100"]
[BlackFideId "11604468"]
[EventDate "2018.07.18"]

1. Nf3 g6 2. d4 Bg7 3. Bg5 d6 4. e3 Nf6 5. Be2 O-O 6. O-O Nbd7 7. a4 c5 8. a5
cxd4 9. exd4 Ne4 10. Bh4 Ndf6 11. Nbd2 Bf5 12. c3 Rc8 13. Re1 Nxd2 14. Qxd2 Qc7
15. Bd3 Bxd3 16. Qxd3 Rfe8 17. a6 b6 18. Nd2 d5 19. Qb5 e6 20. Bg3 Qc6 21. Qxc6
Rxc6 22. h3 Bf8 23. f3 Nh5 24. Bh2 Bh6 25. Nb1 b5 26. Na3 b4 27. Nb5 Bd2 28.
Reb1 bxc3 29. bxc3 Bxc3 30. Nxc3 Rxc3 31. Rb7 Rc2 32. Rxa7 Rec8 33. Rb7 Re2 34.
Rb8 1-0

[Event "29th Czech Rapid G1 2018"]
[Site "Pardubice CZE"]
[Date "2018.07.18"]
[Round "1.42"]
[White "Brejnik, Gustav"]
[Black "Grekh, Andrey"]
[Result "1/2-1/2"]
[BlackTitle "IM"]
[WhiteElo "2134"]
[BlackElo "2400"]
[WhiteFideId "362662"]
[BlackFideId "14112418"]
[EventDate "2018.07.18"]

1. d4 Nf6 2. c4 e6 3. g3 d5 4. Nf3 Be7 5. Bg2 O-O 6. O-O dxc4 7. Qc2 a6 8. a4
Bd7 9. Ne5 Bc6 10. Nxc6 Nxc6 11. e3 Na5 12. Nd2 c5 13. dxc5 Qc7 14. c6 Nxc6 15.
Qxc4 Rac8 16. Nf3 Qb6 17. Qe2 Na5 18. Nd4 Bc5 19. Bd2 Bxd4 20. Bxa5 Qxa5 21.
exd4 Nd5 22. Qe5 Rfd8 23. Rac1 Rxc1 24. Rxc1 Qd2 25. Re1 g6 26. b3 Nb4 27. Rf1
Qxd4 28. Qxd4 Rxd4 29. Bxb7 Rd3 30. Rb1 a5 31. Bg2 Kf8 32. Bf1 Rc3 33. Bc4 Ke7
34. Rd1 Rc2 35. Kg2 h5 36. h4 Nc6 37. Re1 Kd6 38. Rd1+ Kc7 39. Re1 Kb6 40. Kg1
Kc5 41. Re4 Nd4 42. Re5+ Kb4 43. Re4 Nf3+ 44. Kg2 Nd2 45. Re2 Rb2 46. Re5 Nxb3
47. Bb5 Nc5 48. Be8 Rxf2+ 49. Kg1 Rf5 50. Rxf5 exf5 51. Bxf7 Kxa4 52. Bxg6 Kb4
53. Bxf5 a4 54. g4 a3 55. Bb1 hxg4 56. h5 Nd7 57. h6 Nf6 58. Kg2 Kb3 59. h7 Nxh7
60. Bxh7 a2 61. Bg8+ 1/2-1/2

[Event "29th Czech Rapid G1 2018"]
[Site "Pardubice CZE"]
[Date "2018.07.18"]
[Round "1.43"]
[White "Dolezal, Radoslav1"]
[Black "Nehyba, Martin"]
[Result "1-0"]
[WhiteTitle "IM"]
[WhiteElo "2368"]
[BlackElo "2163"]
[WhiteFideId "304735"]
[BlackFideId "377074"]
[EventDate "2018.07.18"]

1. e4 c5 2. Nf3 e6 3. c3 d5 4. exd5 exd5 5. d4 Nc6 6. Bb5 Bg4 7. O-O Nf6 8. Re1+
Be7 9. dxc5 O-O 10. Be3 Ne4 11. h3 Bh5 12. Be2 Re8 13. Nbd2 Nxc5 14. Nd4 Bxe2
15. Rxe2 Nd3 16. N2f3 Nde5 17. Nxe5 Nxe5 18. Nf5 Bf6 19. Bd4 Qd7 20. Ne3 b6 21.
Qb3 Qc6 22. Rd1 Rad8 23. Bxe5 Bxe5 24. Red2 Bf4 25. Rxd5 Rxd5 26. Qxd5 Qxd5 27.
Nxd5 Bg5 28. Kf1 f5 29. c4 Kf7 30. b3 g6 31. g3 h5 32. h4 Bh6 33. Re1 Bg7 34.
Rxe8 Kxe8 35. b4 Be5 36. Ke2 Bd4 37. Nc7+ Kd7 38. Nb5 Bf6 39. Nxa7 f4 40. Nb5
Be7 41. a3 Bf6 42. Kf3 fxg3 43. fxg3 Bb2 44. Ke4 Ke6 45. a4 Be5 46. a5 bxa5 47.
bxa5 Bxg3 48. a6 Bb8 49. a7 Bxa7 50. Nxa7 Kd6 51. Kf4 Kc5 52. Kg5 Kxc4 53. Kxg6
Kd5 54. Kxh5 Ke6 55. Kg6 1-0

[Event "29th Czech Rapid G1 2018"]
[Site "Pardubice CZE"]
[Date "2018.07.18"]
[Round "1.44"]
[White "Barak, Gil"]
[Black "Domogaev, Sergey"]
[Result "1/2-1/2"]
[BlackTitle "GM"]
[WhiteElo "1993"]
[BlackElo "2414"]
[WhiteFideId "2812690"]
[BlackFideId "24103608"]
[EventDate "2018.07.18"]

1. e4 e5 2. Nf3 Nc6 3. Bb5 a6 4. Ba4 Nf6 5. d4 exd4 6. O-O Be7 7. Re1 O-O 8. e5
Nd5 9. Bb3 Nb6 10. Nxd4 Nxd4 11. Qxd4 d5 12. exd6 Bxd6 13. Bf4 Qh4 14. g3 Qg4
15. h3 Qd7 16. Bxd6 Qxd6 17. Qxd6 cxd6 18. Re7 Bxh3 19. Rxb7 Nd7 20. Nc3 Nc5 21.
Rb6 a5 22. Rxd6 a4 23. Bd5 Rab8 24. b3 Bf5 25. Rc6 Ne6 26. Bxe6 fxe6 27. bxa4
Bxc2 28. Rxe6 Bf5 29. Re2 Bd3 30. Rd2 Bc4 31. Rad1 Rbe8 32. Nd5 Be2 33. Re1 Bf3
34. Rxe8 Rxe8 35. Ne3 Re4 36. Rd8+ Kf7 37. Rd7+ Kf8 38. Rd8+ Ke7 39. Rd4 Re5 40.
Rf4 Be4 41. Nc4 Re6 42. Nd2 Bb7 43. Kf1 Ba6+ 44. Kg2 Bb7+ 45. Kf1 g5 46. Rb4
Ba6+ 47. Kg2 h5 48. a5 Bd3 49. Rd4 Ba6 50. Rb4 Bd3 51. Rd4 Ba6 52. Rb4 Bd3 1/2-1/2

[Event "29th Czech Rapid G1 2018"]
[Site "Pardubice CZE"]
[Date "2018.07.18"]
[Round "1.45"]
[White "Nun, Jiri"]
[Black "Balazec, Ludovit"]
[Result "1-0"]
[WhiteTitle "IM"]
[WhiteElo "2306"]
[BlackElo "1991"]
[WhiteFideId "300179"]
[BlackFideId "318078"]
[EventDate "2018.07.18"]

1. e4 c5 2. Nf3 d6 3. c3 Qa5 4. Bd3 Nf6 5. O-O Nc6 6. h3 a6 7. Bc2 c4 8. a4 b5
9. axb5 Qxa1 10. bxc6 Qa5 11. Na3 Qc7 12. Nxc4 e5 13. d4 exd4 14. cxd4 Be7 15.
d5 O-O 16. Bd2 a5 17. Re1 Re8 18. Bc3 Bf8 19. e5 Nxd5 20. Qxd5 Be6 21. Qd3 g6
22. Nxd6 Bxd6 23. exd6 Qb6 24. Qd4 Qxd4 25. Nxd4 Bc4 26. Rxe8+ Rxe8 27. d7 1-0

[Event "29th Czech Rapid G1 2018"]
[Site "Pardubice CZE"]
[Date "2018.07.18"]
[Round "1.46"]
[White "Gschwendtner, Stanislav"]
[Black "Zaitsev, Alexander"]
[Result "0-1"]
[BlackTitle "GM"]
[WhiteElo "2032"]
[BlackElo "2499"]
[WhiteFideId "307297"]
[BlackFideId "4164490"]
[EventDate "2018.07.18"]

1. c4 Nf6 2. Nc3 e6 3. e4 d5 4. e5 d4 5. exf6 dxc3 6. bxc3 Qxf6 7. Bd3 Bd7 8.
Be4 Bc6 9. Bxc6+ Nxc6 10. Qf3 Be7 11. Qxf6 Bxf6 12. Ba3 O-O-O 13. Nf3 e5 14.
O-O-O e4 15. Ne1 Ne5 16. c5 Nc4 17. Bb2 Bg5 18. h4 Bxd2+ 19. Kc2 Rhe8 20. Kb3
Nxb2 21. Kxb2 Bxc3+ 0-1

[Event "29th Czech Rapid G1 2018"]
[Site "Pardubice CZE"]
[Date "2018.07.18"]
[Round "1.47"]
[White "Turner, Jan"]
[Black "Chubar, Vladimir"]
[Result "1-0"]
[BlackTitle "IM"]
[WhiteElo "2348"]
[BlackElo "2016"]
[WhiteFideId "308560"]
[BlackFideId "14101491"]
[EventDate "2018.07.18"]

1. b3 e5 2. Bb2 d6 3. d4 exd4 4. Qxd4 Nc6 5. Qe3+ Qe7 6. Qxe7+ Ngxe7 7. Nc3 Bd7
8. g3 O-O-O 9. O-O-O Ne5 10. h3 Bc6 11. e4 g6 12. f4 Bh6 13. Kb1 Nd7 14. Nge2
Rhe8 15. Nd4 Bg7 16. Nxc6 Nxc6 17. Bg2 Nc5 18. Rhe1 h5 19. h4 Kb8 20. a3 a5 21.
Nd5 Bxb2 22. Kxb2 f5 23. exf5 gxf5 24. Nf6 Rxe1 25. Rxe1 Rh8 26. Bf3 Nd4 27. Bd1
Ne4 28. Nxh5 Rg8 29. c3 Nc6 30. Bc2 Nxg3 31. Rg1 Nxh5 32. Rxg8+ Ka7 33. Bxf5
Nxf4 34. Rg4 Nd5 35. h5 Ne5 36. h6 Nf6 37. Rh4 Nf7 38. h7 Nh8 39. Rh6 Nd5 40.
Rg6 1-0